Технология конструкционных материалов в автоматизированном машиностроении и приборостроении: учебное пособие

Podrobná bibliografie
Hlavní autor: Кем А. Ю. Александр Юрьевич
Korporativní autor: Донской государственный технический университет (ДГТУ)
Shrnutí:Изложены основы технологии конструкционных материалов для автоматизированного машиностроения и приборостроения. Учебное пособие соответствует требованиям Государственного образовательного стандарта полного высшего профессионального образования по специальностям 220401 "Мехатроника", 220402 "Роботы и робототехнические системы" и предназначено для студентов, изучающих дисциплину "Технология автоматизированного машиностроения и приборостроения ". Может быть использовано в качестве дополнительной литературы при изучении курсов "Технология конструкционных материалов", "Технологические процессы в машиностроении", "Порошковая металлургия", "Технология получения изделий из порошковых материалов" (специальности 150201, 150202, 150204, 150206, 120800).
Jazyk:ruština
Vydáno: Ростов-на-Дону, Изд-во ДГТУ, 2009
Témata:
Médium: MixedMaterials Kniha
KOHA link:https://koha.lib.tpu.ru/cgi-bin/koha/opac-detail.pl?biblionumber=187344

MARC

LEADER 00000nam0a2200000 4500
001 187344
005 20231101224046.0
010 |a 9785789005064 
035 |a (RuTPU)RU\TPU\book\203284 
090 |a 187344 
100 |a 20101115d2009 m y0rusy50 ca 
101 0 |a rus 
102 |a RU 
105 |a a j 001zy 
200 1 |a Технология конструкционных материалов в автоматизированном машиностроении и приборостроении  |e учебное пособие  |f А. Ю. Кем  |g Донской государственный технический университет (ДГТУ) 
210 |a Ростов-на-Дону  |c Изд-во ДГТУ  |d 2009 
215 |a 153 с.  |c ил. 
320 |a Библиогр.: с. 145-146. 
330 |a Изложены основы технологии конструкционных материалов для автоматизированного машиностроения и приборостроения. Учебное пособие соответствует требованиям Государственного образовательного стандарта полного высшего профессионального образования по специальностям 220401 "Мехатроника", 220402 "Роботы и робототехнические системы" и предназначено для студентов, изучающих дисциплину "Технология автоматизированного машиностроения и приборостроения ". Может быть использовано в качестве дополнительной литературы при изучении курсов "Технология конструкционных материалов", "Технологические процессы в машиностроении", "Порошковая металлургия", "Технология получения изделий из порошковых материалов" (специальности 150201, 150202, 150204, 150206, 120800). 
606 1 |a Машиностроительные материалы  |2 stltpush  |3 (RuTPU)RU\TPU\subj\41662  |9 61449 
606 1 |a Приборостроение  |x Материалы  |2 stltpush  |3 (RuTPU)RU\TPU\subj\51537  |9 70110 
610 1 |a конструкционные материалы 
610 1 |a строение 
610 1 |a свойства 
610 1 |a классификация 
610 1 |a черные металлы 
610 1 |a цветные металлы 
610 1 |a сплавы 
610 1 |a производство 
610 1 |a сталь 
610 1 |a чугун 
610 1 |a обработка давлением 
610 1 |a литейное производство 
610 1 |a порошковая металлургия 
610 1 |a пластмассы 
610 1 |a неразъемные соединения 
610 1 |a пайка 
610 1 |a склеивание 
610 1 |a обработка резанием 
610 1 |a заготовки 
610 1 |a допуски 
610 1 |a посадки 
610 1 |a технические измерения 
610 1 |a сборочное производство 
610 1 |a изделия 
610 1 |a технологичность 
610 1 |a технологические процессы 
610 1 |a автоматизация 
610 1 |a учебные пособия 
675 |a 621.002.3(075.8)  |v 3 
675 |a 681.2.002.3(075.8)  |v 3 
700 1 |a Кем  |b А. Ю.  |g Александр Юрьевич 
712 0 2 |a Донской государственный технический университет (ДГТУ)  |c (Ростов-на-Дону)  |c (1992- )  |2 stltpush  |3 (RuTPU)RU\TPU\col\13910 
801 1 |a RU  |b 63413507  |c 20101115 
801 2 |a RU  |b 63413507  |c 20200824  |g RCR 
942 |c BK